[Event "CHN-chTB"]
[Site "Qinhuangdao"]
[Date "2017.07.13"]
[Round "8.1"]
[White "Volokitin, Andrei"]
[Black "Zhang, Jiabao"]
[Result "1-0"]
[WhiteElo "2629"]
[BlackElo "2164"]
[PlyCount "101"]
[EventDate "2017.07.10"]
[EventType "team-tourn"]
[EventRounds "11"]
[EventCountry "CHN"]
[SourceTitle "EXT 2018"]
[Source "ChessBase"]
[SourceDate "2017.10.13"]
[SourceVersion "1"]
[SourceVersionDate "2017.10.13"]
[SourceQuality "1"]
[WhiteTeam "Guangdong Zhuhai"]
[BlackTeam "Wuxi Training Base"]
[WhiteTeamCountry "CHN"]
[BlackTeamCountry "CHN"]

1. e4 c5 2. Nf3 Nc6 3. Bb5 e6 4. 0-0 Nge7 5. d4 cxd4 6. Nxd4 Nxd4 7. Qxd4 a6 8. Be2 Nc6 9. Qc3 Qf6 10. Qxf6 gxf6 11. Be3 b5 12. a4 b4 13. Nd2 Bb7 14. Nc4 0-0-0 15. Rad1 d6 16. f3 Be7 17. Rd2 f5 18. Rfd1 fxe4 19. fxe4 Ne5 20. Nxd6+ Bxd6 21. Rxd6 Rxd6 22. Rxd6 Rd8 23. Bc5 Bxe4 24. Bxa6+ Kc7 25. Rxd8 Kxd8 26. Bxb4 Bxc2 27. Ba5+ Kd7 28. Bb5+ Kd6 29. Bc3 Nd7 30. a5 Kc7 31. b4 e5 32. Kf2 f5 33. g3 Be4 34. Be2 Kc6 35. b5+ Kc5 36. b6 Bc6 37. Bd2 Bd5 38. h3 Kc6 39. Bd3 Be6 40. Bb4 Nf6 41. Be7 Ne4+ 42. Bxe4+ fxe4 43. g4 Bc8 44. Bb4 Ba6 45. Ke3 Bf1 46. h4 Bh3 47. g5 Bf5 48. Bc3 Bg6 49. Bxe5 Kb7 50. Kf4 Ka6 51. Bc3 1-0

[Event "CHN-chTB"]
[Site "Qinhuangdao"]
[Date "2017.07.11"]
[Round "3.3"]
[White "Zhang, Jiabao"]
[Black "Popov, Ivan1111"]
[Result "1/2-1/2"]
[WhiteElo "2164"]
[BlackElo "2608"]
[PlyCount "83"]
[EventDate "2017.07.10"]
[EventType "team-tourn"]
[EventRounds "11"]
[EventCountry "CHN"]
[SourceTitle "EXT 2018"]
[Source "ChessBase"]
[SourceDate "2017.10.13"]
[SourceVersion "1"]
[SourceVersionDate "2017.10.13"]
[SourceQuality "1"]
[WhiteTeam "Wuxi Training Base"]
[BlackTeam "Hangzhou Chess Assoc"]
[WhiteTeamCountry "CHN"]
[BlackTeamCountry "CHN"]

1. c4 e5 2. Nc3 Nc6 3. g3 Nf6 4. Bg2 Bc5 5. e3 a6 6. Nge2 Ba7 7. 0-0 d6 8. d3 0-0 9. Rb1 Ne7 10. b4 c6 11. a4 Bf5 12. b5 axb5 13. axb5 Qd7 14. e4 Be6 15. b6 Bb8 16. f4 Bg4 17. d4 exd4 18. Qxd4 Nc8 19. f5 Bxe2 20. Nxe2 Ra2 21. Nc3 Ra6 22. Bg5 Qd8 23. e5 dxe5 24. Qxd8 Rxd8 25. c5 Rd4 26. Be3 Rd7 27. Rbd1 Kf8 28. Bg5 Rd4 29. Bxf6 gxf6 30. Ra1 Rxa1 31. Rxa1 Ne7 32. g4 Rd8 33. Ne4 Nd5 34. Kf2 Ke7 35. Bf3 Nf4 36. h4 h6 37. g5 hxg5 38. hxg5 Nh3+ 39. Ke3 Nxg5 40. Rg1 Nxe4 41. Bxe4 Rh8 42. Rg3 1/2-1/2

[Event "CHN-chT qual"]
[Site "Jiaxing"]
[Date "2017.07.03"]
[Round "9"]
[White "Chen, Zhi"]
[Black "Zhang, Jiabao"]
[Result "0-1"]
[WhiteElo "1739"]
[BlackElo "2164"]
[PlyCount "134"]
[EventDate "2017.06.29"]
[EventType "swiss"]
[EventRounds "9"]
[EventCountry "CHN"]
[SourceTitle "EXT 2018"]
[Source "ChessBase"]
[SourceDate "2017.10.13"]
[SourceVersion "1"]
[SourceVersionDate "2017.10.13"]
[SourceQuality "1"]

1. d4 Nf6 2. c4 e6 3. Nc3 d5 4. Bg5 Be7 5. e3 h6 6. Bh4 0-0 7. Nf3 b6 8. Be2 Bb7 9. 0-0 c5 10. Ne5 dxc4 11. dxc5 Qc7 12. Nxc4 Qxc5 13. Qd4 Qxd4 14. exd4 Nc6 15. Rfd1 Nb4 16. Ne3 Nfd5 17. Ncxd5 Nxd5 18. Bxe7 Nxe7 19. Rac1 Rac8 20. a3 Rfd8 21. h3 Rd7 22. Rc3 Rcd8 23. Bb5 Rd6 24. Rc7 Bc6 25. Rxe7 Bxb5 26. Rxa7 Rxd4 27. Rxd4 Rxd4 28. Ra8+ Kh7 29. Rb8 Rd6 30. Kh2 f5 31. b3 Kg6 32. a4 Bd3 33. g4 f4 34. Ng2 e5 35. Nh4+ Kf6 36. Rf8+ Ke7 37. Ra8 g5 38. Ng2 e4 39. a5 bxa5 40. Rxa5 Rb6 41. h4 Kf6 42. Rf5+ Kg6 43. Rc5 Be2 44. h5+ Kf6 45. Rf5+ Kg7 46. Re5 Bxg4 47. Rxe4 Rxb3 48. Re7+ Kf6 49. Rh7 Rh3+ 50. Kg1 Rxh5 51. Ra7 Bf3 52. Ra6+ Kf5 53. Ra5+ Kg4 54. Ra4 Bxg2 55. Kxg2 Rh3 56. Kg1 Rb3 57. Kg2 h5 58. Ra2 h4 59. Kh2 h3 60. Kg1 Kh4 61. Kh2 Rf3 62. Kg1 g4 63. Kh2 g3+ 64. fxg3+ fxg3+ 65. Kg1 h2+ 66. Kh1 Rf1+ 67. Kg2 h1Q# 0-1

[Event "CHN-chT qual"]
[Site "Jiaxing"]
[Date "2017.07.02"]
[Round "6"]
[White "Zhang, Jiabao"]
[Black "Jiang, Qinyu"]
[Result "0-1"]
[WhiteElo "2164"]
[BlackElo "1845"]
[PlyCount "127"]
[EventDate "2017.06.29"]
[EventType "swiss"]
[EventRounds "9"]
[EventCountry "CHN"]
[SourceTitle "EXT 2018"]
[Source "ChessBase"]
[SourceDate "2017.10.13"]
[SourceVersion "1"]
[SourceVersionDate "2017.10.13"]
[SourceQuality "1"]

1. e4 e5 2. Nf3 Nc6 3. Bc4 Bc5 4. c3 Nf6 5. d3 d6 6. Bb3 0-0 7. 0-0 Qe7 8. h3 Bb6 9. Nbd2 Be6 10. Re1 Rad8 11. Qe2 Rfe8 12. Nf1 Bxb3 13. axb3 d5 14. Ng3 dxe4 15. dxe4 Na5 16. Bg5 Nxb3 17. Ra3 Nc5 18. Nh4 Nd3 19. Rf1 Nf4 20. Qc4 Qe6 21. Qxe6 Rxe6 22. Nhf5 h6 23. Bxf6 Rxf6 24. Raa1 h5 25. Rad1 Rxd1 26. Rxd1 g6 27. Ne7+ Kg7 28. h4 Ne2+ 29. Nxe2 Rxf2 30. Nd4 Rxb2 31. Nc8 exd4 32. cxd4 Re2 33. e5 Re4 34. Nxb6 axb6 35. Kf2 c5 36. d5 Rxe5 37. d6 Re8 38. Rb1 Rd8 39. Rxb6 Kf6 40. Kf3 Ke6 41. Rxb7 Rxd6 42. Rc7 Rd3+ 43. Ke4 Rd4+ 44. Ke3 Rxh4 45. Rxc5 Kf6 46. Kf3 Ra4 47. g3 Kg7 48. Rb5 f5 49. Rb7+ Kf6 50. Rh7 Kg5 51. Rh8 h4 52. gxh4+ Rxh4 53. Rg8 Ra4 54. Rb8 Ra3+ 55. Kf2 Kg4 56. Kf1 f4 57. Rb4 g5 58. Rb1 Kg3 59. Kg1 g4 60. Kf1 f3 61. Kg1 Ra2 62. Rc1 Rg2+ 63. Kf1 Rh2 64. Ke1 0-1

[Event "CHN-chT qual"]
[Site "Jiaxing"]
[Date "2017.07.01"]
[Round "4"]
[White "Zhang, Jiabao"]
[Black "Huang, Renjie"]
[Result "1/2-1/2"]
[WhiteElo "2164"]
[BlackElo "2157"]
[PlyCount "32"]
[EventDate "2017.06.29"]
[EventType "swiss"]
[EventRounds "9"]
[EventCountry "CHN"]
[SourceTitle "EXT 2018"]
[Source "ChessBase"]
[SourceDate "2017.10.13"]
[SourceVersion "1"]
[SourceVersionDate "2017.10.13"]
[SourceQuality "1"]

1. e4 c5 2. Nf3 g6 3. c4 Nc6 4. d4 cxd4 5. Nxd4 d6 6. Nc3 Nf6 7. Be2 Nxd4 8. Qxd4 Bg7 9. Be3 0-0 10. Qd2 a5 11. 0-0 a4 12. Rac1 Be6 13. f3 Qa5 14. Nd5 Nxd5 15. cxd5 Qxd2 16. Bxd2 Bd7 1/2-1/2

[Event "CHN-chT qual"]
[Site "Jiaxing"]
[Date "2017.06.29"]
[Round "1"]
[White "Wang, Zhai"]
[Black "Zhang, Jiabao"]
[Result "0-1"]
[WhiteElo "1396"]
[BlackElo "2164"]
[PlyCount "42"]
[EventDate "2017.06.29"]
[EventType "swiss"]
[EventRounds "9"]
[EventCountry "CHN"]
[SourceTitle "EXT 2018"]
[Source "ChessBase"]
[SourceDate "2017.10.13"]
[SourceVersion "1"]
[SourceVersionDate "2017.10.13"]
[SourceQuality "1"]

1. e4 c5 2. Nf3 Nc6 3. c3 d5 4. exd5 Qxd5 5. d4 Bf5 6. Na3 cxd4 7. Nb5 0-0-0 8. cxd4 e5 9. Nc3 Bb4 10. Bd2 Bxc3 11. bxc3 exd4 12. cxd4 Nf6 13. Rc1 Kb8 14. Bc4 Qe4+ 15. Be3 Ng4 16. Rc3 Be6 17. Bd3 Nxe3 18. Qb1 Nxg2+ 19. Kf1 Qxf3 20. Ba6 Ne3+ 21. Rxe3 Qxh1+ 0-1

[Event "Danzhou Hainan op 1st"]
[Site "Danzhou"]
[Date "2016.12.15"]
[Round "8"]
[White "Lin, Yi1111"]
[Black "Zhang, Jiabao"]
[Result "1-0"]
[WhiteElo "2422"]
[BlackElo "2104"]
[PlyCount "43"]
[EventDate "2016.12.07"]
[EventType "swiss"]
[EventRounds "9"]
[EventCountry "CHN"]
[SourceTitle "CBM 176 Extra"]
[Source "ChessBase"]
[SourceDate "2017.03.02"]
[SourceVersion "1"]
[SourceVersionDate "2017.03.02"]
[SourceQuality "1"]

1. d4 Nf6 2. c4 e6 3. g3 Bb4+ 4. Bd2 Qe7 5. Nf3 b6 6. Bg2 Bb7 7. 0-0 Bxd2 8. Nbxd2 0-0 9. Qc2 c5 10. e4 cxd4 11. e5 Ng4 12. h3 Nh6 13. Ng5 Qxg5 14. Bxb7 Nc6 15. Bxa8 Rxa8 16. Nf3 Qh5 17. Kg2 Nxe5 18. Nxd4 Rc8 19. b3 d5 20. Rac1 dxc4 21. Qe4 f6 22. f4 1-0

[Event "Danzhou Hainan op 1st"]
[Site "Danzhou"]
[Date "2016.12.14"]
[Round "7"]
[White "Liu, Chang"]
[Black "Zhang, Jiabao"]
[Result "1-0"]
[WhiteElo "2334"]
[BlackElo "2104"]
[PlyCount "63"]
[EventDate "2016.12.07"]
[EventType "swiss"]
[EventRounds "9"]
[EventCountry "CHN"]
[SourceTitle "CBM 176 Extra"]
[Source "ChessBase"]
[SourceDate "2017.03.02"]
[SourceVersion "1"]
[SourceVersionDate "2017.03.02"]
[SourceQuality "1"]

1. e4 c5 2. Nf3 Nc6 3. Bb5 g6 4. Bxc6 dxc6 5. 0-0 Bg7 6. d3 e5 7. Be3 b6 8. Nbd2 Ne7 9. a3 0-0 10. b4 cxb4 11. axb4 Qc7 12. Ra3 f5 13. Bg5 h6 14. Bxe7 Qxe7 15. Qa1 b5 16. Qc3 Qd6 17. Rfa1 Rf7 18. Nb3 f4 19. Qc5 Qxc5 20. Nxc5 g5 21. h3 Kh7 22. c3 g4 23. hxg4 Bxg4 24. Ra6 Rc7 25. Kf1 Kg6 26. d4 exd4 27. Nxd4 Bxd4 28. cxd4 Rd8 29. f3 Bc8 30. Rxa7 Rxa7 31. Rxa7 Rxd4 32. Rc7 1-0

[Event "CHN-chB"]
[Site "Harbin"]
[Date "2016.07.20"]
[Round "8"]
[White "Bao, Qilin"]
[Black "Zhang, Jiabao"]
[Result "1/2-1/2"]
[WhiteElo "2305"]
[BlackElo "2107"]
[PlyCount "89"]
[EventDate "2016.07.17"]
[EventType "swiss"]
[EventRounds "11"]
[EventCountry "CHN"]
[SourceTitle "CBM 173 Extra"]
[Source "ChessBase"]
[SourceDate "2016.08.29"]
[SourceVersion "1"]
[SourceVersionDate "2016.08.29"]
[SourceQuality "1"]

1. Nf3 Nf6 2. g3 d5 3. Bg2 e6 4. 0-0 Be7 5. d3 0-0 6. Nbd2 b6 7. e4 dxe4 8. Ng5 Bb7 9. Ngxe4 Nxe4 10. Nxe4 Nd7 11. Nf6+ Nxf6 12. Bxb7 Rb8 13. Bg2 c5 14. a4 a5 15. Qe2 Nd5 16. Rd1 Bf6 17. c3 Rc8 18. h4 Rc7 19. Be4 Rd7 20. Kg2 Re8 21. Bd2 Rd6 22. f4 Qd7 23. g4 Bd8 24. g5 Bc7 25. Re1 Rd8 26. f5 exf5 27. Bxf5 Qc6 28. Qf3 g6 29. Bh3 f5 30. Kf2 Nb4 31. cxb4 Qxf3+ 32. Kxf3 Rxd3+ 33. Be3 f4 34. bxa5 bxa5 35. Be6+ Kg7 36. Bc4 Rxe3+ 37. Rxe3 fxe3 38. Kxe3 Bg3 39. Rh1 Rd4 40. b3 Bxh4 41. Rg1 Kf8 42. Kf3 Kg7 43. Rg2 h6 44. gxh6+ Kxh6 45. Ke2 1/2-1/2

[Event "CHN-chTB"]
[Site "Harbin"]
[Date "2016.07.14"]
[Round "7.3"]
[White "Zhang, Jiabao"]
[Black "Xiang, Zeyu"]
[Result "1/2-1/2"]
[WhiteElo "2107"]
[BlackElo "2237"]
[PlyCount "90"]
[EventDate "2016.07.11"]
[EventType "team-swiss"]
[EventRounds "11"]
[EventCountry "CHN"]
[SourceTitle "CBM 173 Extra"]
[Source "ChessBase"]
[SourceDate "2016.08.29"]
[SourceVersion "1"]
[SourceVersionDate "2016.08.29"]
[SourceQuality "1"]
[WhiteTeam "Wuxi Xinlei"]
[BlackTeam "Hangzhou Chess Assoc"]
[WhiteTeamCountry "CHN"]
[BlackTeamCountry "CHN"]

1. e4 e5 2. Bc4 Nf6 3. d3 c6 4. Nf3 d5 5. exd5 cxd5 6. Bb3 Bb4+ 7. c3 Bd6 8. 0-0 Nc6 9. Bg5 Be6 10. Re1 0-0 11. Ba4 Qc7 12. Bxf6 gxf6 13. Nbd2 Kh8 14. Nh4 Ne7 15. c4 Ng6 16. Qf3 Be7 17. Nxg6+ fxg6 18. cxd5 Bg8 19. Bb3 Bb4 20. Rec1 Qe7 21. Nf1 Rac8 22. Ne3 f5 23. Rc4 Rxc4 24. Bxc4 Rc8 25. a3 Bc5 26. Re1 Qd7 27. h4 b5 28. Bb3 Bd4 29. Qe2 h5 30. Rb1 Qd8 31. Nc2 Qxh4 32. Nxd4 Qxd4 33. Re1 Bxd5 34. Bxd5 Qxd5 35. Qxe5+ Qxe5 36. Rxe5 b4 37. axb4 Rc2 38. Ra5 Rxb2 39. Rxa7 Rxb4 40. Rd7 Rb2 41. g3 Kg8 42. Kg2 Kf8 43. Kf3 Rb4 44. Ke3 h4 45. gxh4 Rxh4 1/2-1/2

[Event "CHN-chTB"]
[Site "Harbin"]
[Date "2016.07.12"]
[Round "3.4"]
[White "Zhang, Jiabao"]
[Black "Peng, Xiongjian"]
[Result "0-1"]
[WhiteElo "2107"]
[BlackElo "2189"]
[PlyCount "70"]
[EventDate "2016.07.11"]
[EventType "team-swiss"]
[EventRounds "11"]
[EventCountry "CHN"]
[SourceTitle "CBM 173 Extra"]
[Source "ChessBase"]
[SourceDate "2016.08.29"]
[SourceVersion "1"]
[SourceVersionDate "2016.08.29"]
[SourceQuality "1"]
[WhiteTeam "Wuxi Xinlei"]
[BlackTeam "Chongqing Qilin"]
[WhiteTeamCountry "CHN"]
[BlackTeamCountry "CHN"]

1. e4 c5 2. Nf3 d6 3. Bb5+ Bd7 4. Bxd7+ Nxd7 5. d4 cxd4 6. Nxd4 Ngf6 7. Nc3 g6 8. 0-0 Bg7 9. Be3 0-0 10. Nb3 Rc8 11. Bd4 a6 12. a4 Qc7 13. Qe2 Qc4 14. Rfe1 Ne5 15. Bxe5 dxe5 16. a5 Qc6 17. Rad1 Rfd8 18. Qe3 Rxd1 19. Rxd1 e6 20. h4 Bf8 21. Qf3 Be7 22. Rd3 h5 23. g3 Kg7 24. Qe2 Rc7 25. f3 Nd7 26. Kh2 Nc5 27. Nxc5 Qxc5 28. Kh3 Qxa5 29. g4 hxg4+ 30. fxg4 Qb4 31. Nd1 Rc4 32. c3 Rxe4 33. Qf3 Qa4 34. b3 Qc6 35. Ne3 f5 0-1

[Event "Moscow Dvorkovich Cup U16 10th"]
[Site "Moscow"]
[Date "2015.06.29"]
[Round "6.15"]
[White "Golubeva, Marija"]
[Black "Zhang, Jiabao"]
[Result "0-1"]
[WhiteElo "1775"]
[BlackElo "2143"]
[PlyCount "60"]
[EventDate "2015.06.23"]
[EventType "team-tourn"]
[EventRounds "7"]
[EventCountry "RUS"]
[SourceTitle "CBM 167 Extra"]
[Source "ChessBase"]
[SourceDate "2015.09.14"]
[SourceVersion "1"]
[SourceVersionDate "2015.09.14"]
[SourceQuality "1"]
[WhiteTeam "Latvia (U16)"]
[BlackTeam "China (U16)"]
[WhiteTeamCountry "LAT"]
[BlackTeamCountry "CHN"]

1. e4 c5 2. c3 d5 3. exd5 Qxd5 4. d4 Nc6 5. Nf3 Bf5 6. Be2 cxd4 7. cxd4 Bxb1 8. Rxb1 e6 9. 0-0 Bd6 10. b3 Nf6 11. Re1 0-0 12. Bg5 Be7 13. Bc4 Qa5 14. Ne5 Rad8 15. Bd2 Qc7 16. Nxf7 Rxf7 17. Bxe6 Rxd4 18. Qc2 Bd6 19. h3 Kf8 20. Bxf7 Qxf7 21. Bc3 Rd5 22. Bxf6 gxf6 23. Re4 Qg6 24. Qc4 Rd4 25. Qe6 Qxe4 26. Qxf6+ Ke8 27. Qh8+ Kf7 28. Rc1 Bf8 29. g3 Qf5 30. Kg2 Rd2 0-1

[Event "Moscow Dvorkovich Cup U16 10th"]
[Site "Moscow"]
[Date "2015.06.24"]
[Round "2.7"]
[White "Parvanyan, Ashot"]
[Black "Zhang, Jiabao"]
[Result "1-0"]
[WhiteElo "2168"]
[BlackElo "2143"]
[PlyCount "109"]
[EventDate "2015.06.23"]
[EventType "team-tourn"]
[EventRounds "7"]
[EventCountry "RUS"]
[SourceTitle "CBM 167 Extra"]
[Source "ChessBase"]
[SourceDate "2015.09.14"]
[SourceVersion "1"]
[SourceVersionDate "2015.09.14"]
[SourceQuality "1"]
[WhiteTeam "Armenia (U16)"]
[BlackTeam "China (U16)"]
[WhiteTeamCountry "ARM"]
[BlackTeamCountry "CHN"]

1. d4 Nf6 2. Nf3 d5 3. c4 e6 4. Nc3 Bb4 5. Bg5 h6 6. Bxf6 Qxf6 7. Qa4+ Nc6 8. e3 0-0 9. Be2 dxc4 10. 0-0 Bd7 11. Bxc4 Qe7 12. Qc2 Bd6 13. Rad1 Rac8 14. e4 e5 15. Nd5 Qe8 16. dxe5 Bxe5 17. Nxe5 Nxe5 18. Be2 c6 19. Ne3 Ng6 20. f4 Rd8 21. Nc4 Qe7 22. Nd6 Be6 23. e5 Bd5 24. Bc4 Nxf4 25. Bxd5 Nxd5 26. Rde1 Rd7 27. Qf2 a6 28. Nf5 Qe6 29. Qg3 Qg6 30. Qh3 Rc7 31. Re4 Ne7 32. Rg4 Qxf5 33. Rxf5 Nxf5 34. Qh5 Ne7 35. e6 f5 36. Rd4 Nd5 37. Qe2 Re7 38. Qe5 Rf6 39. Qb8+ Kh7 40. Rd2 Rfxe6 41. h3 Re1+ 42. Kh2 f4 43. Qf8 g5 44. h4 Kg6 45. Qg8+ Kh5 46. hxg5 hxg5 47. g4+ Kxg4 48. Rg2+ Kf3 49. Qg6 Ne3 50. Rxg5 Nf1+ 51. Kh3 Ng3 52. Rxg3+ fxg3 53. Qf6+ Ke2 54. Qxe7+ Kd2 55. Qb4+ 1-0

[Event "World ol U16"]
[Site "Gyor"]
[Date "2014.12.18"]
[Round "7.4"]
[White "Lindholm, Jere"]
[Black "Zhang, Jiabao"]
[Result "0-1"]
[WhiteElo "1745"]
[BlackElo "2089"]
[PlyCount "66"]
[EventDate "2014.12.13"]
[EventType "team-swiss"]
[EventRounds "10"]
[EventCountry "HUN"]
[SourceTitle "EXT 2016"]
[Source "ChessBase"]
[SourceDate "2015.10.08"]
[SourceVersion "1"]
[SourceVersionDate "2015.10.08"]
[SourceQuality "1"]
[WhiteTeam "Finland"]
[BlackTeam "China"]
[WhiteTeamCountry "FIN"]
[BlackTeamCountry "CHN"]

1. d4 Nf6 2. Nf3 d5 3. c4 e6 4. Nc3 Bb4 5. Bg5 h6 6. Bh4 g5 7. Bg3 dxc4 8. e3 b5 9. Nd2 Bxc3 10. bxc3 Bb7 11. Rb1 Bc6 12. a4 a6 13. Ra1 Nbd7 14. Qb1 Nd5 15. Qc2 N7b6 16. e4 Ne7 17. a5 Nd7 18. f3 h5 19. h4 g4 20. f4 f5 21. Rg1 Nf6 22. e5 Nfd5 23. Bh2 Ng6 24. g3 Qe7 25. Kf2 Bb7 26. Bg2 c5 27. Rgd1 cxd4 28. cxd4 Nb4 29. Qc3 Nd3+ 30. Kf1 Bxg2+ 31. Kxg2 Qb7+ 32. Kg1 Ne7 33. Nxc4 bxc4 0-1

[Event "World ol U16"]
[Site "Gyor"]
[Date "2014.12.14"]
[Round "2.4"]
[White "Zhang, Jiabao"]
[Black "Litvinov, Maxim"]
[Result "1-0"]
[WhiteElo "2089"]
[BlackElo "2238"]
[PlyCount "47"]
[EventDate "2014.12.13"]
[EventType "team-swiss"]
[EventRounds "10"]
[EventCountry "HUN"]
[SourceTitle "EXT 2016"]
[Source "ChessBase"]
[SourceDate "2015.10.08"]
[SourceVersion "1"]
[SourceVersionDate "2015.10.08"]
[SourceQuality "1"]
[WhiteTeam "China"]
[BlackTeam "Russia"]
[WhiteTeamCountry "CHN"]
[BlackTeamCountry "RUS"]

1. e4 e5 2. Nf3 Nc6 3. Bc4 Bc5 4. c3 Nf6 5. d3 d6 6. Bb3 a6 7. 0-0 0-0 8. Nbd2 Ba7 9. h3 Ne7 10. Re1 Ng6 11. Nf1 h6 12. Ng3 Re8 13. d4 c6 14. Bc2 Qc7 15. Be3 Be6 16. Qd2 b5 17. Nf5 Bxf5 18. exf5 Nf8 19. Bxh6 gxh6 20. Qxh6 N8h7 21. Ng5 Qd8 22. Nxh7 Nxh7 23. f6 Nxf6 24. Re3 1-0

[Event "Hong Kong op"]
[Site "Hong Kong"]
[Date "2014.10.04"]
[Round "8"]
[White "Nanjo, Ryosuke"]
[Black "Zhang, Jiabao"]
[Result "1/2-1/2"]
[WhiteElo "2384"]
[BlackElo "2052"]
[PlyCount "66"]
[EventDate "2014.10.01"]
[EventType "swiss"]
[EventRounds "9"]
[EventCountry "HKG"]
[SourceTitle "CBM 162 Extra"]
[Source "ChessBase"]
[SourceDate "2014.10.17"]
[SourceVersion "1"]
[SourceVersionDate "2014.10.17"]
[SourceQuality "1"]

1. e4 c5 2. Nf3 Nc6 3. Nc3 d6 4. d4 cxd4 5. Nxd4 Nf6 6. Bg5 e6 7. Qd2 a6 8. 0-0-0 Bd7 9. f4 Be7 10. Be2 0-0 11. Bf3 Rc8 12. Kb1 b5 13. Nxc6 Bxc6 14. Bxf6 Bxf6 15. Qxd6 Qa5 16. Qd2 Bxc3 17. Qxc3 Qxc3 18. bxc3 f5 19. Rd4 fxe4 20. Bxe4 Bxe4 21. Rxe4 Rxc3 22. Rd1 Rc6 23. a4 Rfc8 24. axb5 Rxc2 25. bxa6 R2c6 26. Ra4 Rb6+ 27. Ka2 Ra8 28. Rd7 Rbxa6 29. Rxa6 Rxa6+ 30. Kb3 Rc6 31. g3 h6 32. Rd2 Kf7 33. Rc2 Rxc2 1/2-1/2

[Event "Hong Kong op"]
[Site "Hong Kong"]
[Date "2014.10.03"]
[Round "5"]
[White "Zhang, Jiabao"]
[Black "Du, Yuxin"]
[Result "1-0"]
[WhiteElo "2052"]
[BlackElo "1819"]
[PlyCount "120"]
[EventDate "2014.10.01"]
[EventType "swiss"]
[EventRounds "9"]
[EventCountry "HKG"]
[SourceTitle "CBM 162 Extra"]
[Source "ChessBase"]
[SourceDate "2014.10.17"]
[SourceVersion "1"]
[SourceVersionDate "2014.10.17"]
[SourceQuality "1"]

1. e4 c6 2. Nc3 d5 3. d4 dxe4 4. Nxe4 Bf5 5. Ng3 Bg6 6. Nh3 e6 7. Nf4 Bd6 8. h4 Qc7 9. Nxg6 hxg6 10. Ne4 Be7 11. g3 Nd7 12. Qf3 Ngf6 13. Ng5 Qa5+ 14. c3 Qd5 15. Bg2 Qxf3 16. Bxf3 Nh7 17. Nxh7 Rxh7 18. Bd2 0-0-0 19. 0-0-0 Nb6 20. b3 Nd5 21. Kb2 Bf6 22. Kc2 Ne7 23. a4 Nf5 24. Bf4 Rhh8 25. b4 Ne7 26. Kb3 Nd5 27. Bc1 b5 28. Bb2 a6 29. Rc1 Kb7 30. axb5 axb5 31. c4 bxc4+ 32. Rxc4 Rc8 33. Rhc1 Rhd8 34. R1c2 Kb6 35. Bc1 Be7 36. Bg5 Bxg5 37. hxg5 Ne7 38. Rc1 Rh8 39. R1c2 Rhd8 40. Be4 Nd5 41. Rc1 Ne7 42. R1c2 Nd5 43. b5 Kxb5 44. Bxd5 Rxd5 45. Rb4+ Ka6 46. Ra2+ Ra5 47. Rxa5+ Kxa5 48. Rb7 Rf8 49. Kc4 Ka6 50. Rb2 Rc8 51. Kc5 Ka7 52. Kd6 Ka6 53. Kd7 Rh8 54. Ke7 Rh5 55. f4 f6 56. gxf6 gxf6 57. Kxe6 Rd5 58. Kxf6 Rxd4 59. Kxg6 c5 60. Kg5 c4 1-0

[Event "Kuala Lumpur op 10th"]
[Site "Kuala Lumpur"]
[Date "2013.08.10"]
[Round "1"]
[White "Nouri, Hamed"]
[Black "Zhang, Jiabao"]
[Result "1/2-1/2"]
[WhiteElo "2374"]
[BlackElo "2022"]
[PlyCount "65"]
[EventDate "2013.08.10"]
[EventType "swiss"]
[EventRounds "9"]
[EventCountry "MAS"]
[SourceTitle "CBM 156 Extra"]
[Source "ChessBase"]
[SourceDate "2013.10.22"]
[SourceVersion "1"]
[SourceVersionDate "2013.10.22"]
[SourceQuality "1"]

1. c4 Nf6 2. g3 g6 3. Bg2 Bg7 4. Nc3 0-0 5. Nf3 d5 6. cxd5 Nxd5 7. 0-0 Nxc3 8. bxc3 c5 9. Rb1 Nc6 10. Qa4 Qa5 11. Qxa5 Nxa5 12. Ng5 Rb8 13. Ne4 c4 14. Ba3 Re8 15. Rb5 b6 16. Rfb1 Bb7 17. R5b2 Rbd8 18. f3 Bh6 19. f4 Bxe4 20. Bxe4 e5 21. f5 Bxd2 22. Bb4 gxf5 23. Bxf5 Nc6 24. Be4 Nxb4 25. Rxb4 Rc8 26. Bd5 Rc5 27. Bxc4 Bxc3 28. Ra4 a5 29. Bb5 Rd8 30. Rg4+ Kf8 31. Bd3 Bd4+ 32. Kg2 Rc3 33. a4 1/2-1/2

[Event "Golden Sands Europe op 1st"]
[Site "Golden Sands"]
[Date "2012.06.07"]
[Round "4"]
[White "Zhang, Jiabao"]
[Black "Argiroudis, Stamatis"]
[Result "1/2-1/2"]
[WhiteElo "1948"]
[BlackElo "2294"]
[PlyCount "59"]
[EventDate "2012.06.04"]
[EventType "swiss"]
[EventRounds "9"]
[EventCountry "BUL"]
[SourceTitle "CBM 148 Extra"]
[Source "ChessBase"]
[SourceDate "2012.06.22"]
[SourceVersion "1"]
[SourceVersionDate "2012.06.22"]
[SourceQuality "1"]

1. e4 c5 2. Nf3 e6 3. d4 cxd4 4. Nxd4 Nc6 5. Nc3 Qc7 6. Be3 a6 7. Qd2 Nf6 8. 0-0-0 Bb4 9. f3 Ne5 10. Nb3 b5 11. Qe1 Be7 12. Qg3 0-0 13. f4 Nc4 14. e5 Ne8 15. Bd4 f5 16. Qf2 Rb8 17. Bd3 a5 18. Kb1 a4 19. Nc1 Qa5 20. Bc5 d6 21. exd6 Nexd6 22. N3e2 b4 23. Ng3 Nb6 24. Qd4 Nd5 25. Bxd6 Bxd6 26. Bc4 Qb6 27. Bxd5 Qxd4 28. Bxe6+ Bxe6 29. Rxd4 Bc5 30. Rdd1 1/2-1/2

[Event "Albena U16 op"]
[Site "Albena"]
[Date "2012.06.01"]
[Round "6"]
[White "Onur, Cigdem"]
[Black "Zhang, Jiabao"]
[Result "0-1"]
[WhiteElo "1614"]
[BlackElo "1948"]
[PlyCount "70"]
[EventDate "2012.05.27"]
[EventType "swiss"]
[EventRounds "7"]
[EventCountry "BUL"]
[SourceTitle "EXT 2013"]
[Source "ChessBase"]
[SourceDate "2012.11.22"]
[SourceVersion "1"]
[SourceVersionDate "2012.11.22"]
[SourceQuality "1"]

1. e4 c5 2. Nf3 Nc6 3. d4 cxd4 4. Nxd4 Nf6 5. Nc3 e5 6. Ndb5 d6 7. Bg5 a6 8. Na3 b5 9. Nd5 Be7 10. Bxf6 Bxf6 11. c3 Bg5 12. Nc2 Ne7 13. Nxe7 Qxe7 14. Nb4 0-0 15. Nd5 Qb7 16. h4 Bd8 17. Bd3 Be6 18. g4 Re8 19. f3 Rc8 20. Qd2 Rc5 21. b4 Rxd5 22. exd5 Bxd5 23. g5 e4 24. fxe4 Bxe4 25. Bxe4 Qxe4+ 26. Kf2 Qf5+ 27. Kg2 Qg4+ 28. Kf1 Qf3+ 29. Qf2 Qxh1+ 30. Qg1 Qf3+ 31. Qf2 Qh3+ 32. Kg1 Re3 33. Qf4 Rg3+ 34. Kf2 Qh2+ 35. Ke1 Rg1+ 0-1